Breaking Bad Actors - Sudden Death - Statistics

General Stats
  • This quiz has been taken 732 times
    361 since last reset
  • The average score is 6 of 13
Answers on the Grid
Answers color-coded by a green-red scale on the quiz's grid according to % correct below.
Danny Trejo
Sid Haig
Jai Courtney
Michael Parks
Anne Hathaway
Temuera Morrison
Michael Bowen
Samuel L. Jackson
Francesca Eastwood
Anna Gunn
Betsy Brandt
Shannen Doherty
Aaron Paul
Frank Grillo
Jim Beaver
Walton Goggins
RJ Mitte
Dean Norris
Kim Coates
Robert Forster
Steven Michael Quezada
Eric Roberts
Ke Huy Quan
Bryan Cranston
Tom Savini
Sam McMurray
Elizabeth Taylor
Jonathan Banks
Marlon Wayans
Greg Sestero
 
Answer Stats
Answer % Correct
Aaron Paul
84%
Bryan Cranston
81%
Anna Gunn
74%
Dean Norris
73%
Jonathan Banks
67%
Danny Trejo
58%
RJ Mitte
57%
Betsy Brandt
56%
Steven Michael Quezada
44%
Robert Forster
17%
Michael Bowen
13%
Jim Beaver
10%
Sam McMurray
4%
No matching quizzes found
Score Distribution
Percent of People with Each Score
Percentile by Number Answered
Your Score History
You have not taken this quiz since the last reset